Normal view
MARC view
- Gurucharan Singh
Entry Personal Name
001 - CONTROL NUMBER
- control field: 5108
003 - CONTROL NUMBER IDENTIFIER
- control field: OSt
005 - DATE AND TIME OF LATEST TRANSACTION
- control field: 20211013125858.0
008 - FIXED-LENGTH DATA ELEMENTS
- fixed length control field: 211013|| aca||aabn | a|a d
040 ## - CATALOGING SOURCE
- Original cataloging agency: OSt
- Transcribing agency: OSt
100 ## - HEADING--PERSONAL NAME
- Personal name: Gurucharan Singh
- Personal name: Jagadish Singh
670 ## - SOURCE DATA FOUND
- Source citation: Work cat.: (OSt)14163: Gurucharan Singh Jagadish Singh, Estimating Costing and Valuation , 2012
